| 000 | 01206nam a2200229Ia 4500 | ||
|---|---|---|---|
| 001 | L458-48491 | ||
| 003 | IT-CnALBA | ||
| 008 | 170116s9999||||xx |||||||||||||| ||und|| | ||
| 040 |
_aIT-CnALBA _cIT-CnALBA |
||
| 041 | _aITALIANO | ||
| 100 | _aQUIGNARD PASCAL | ||
| 245 | 0 | _aIL NOME SULLA PUNTA DELLA LINGUA. | |
| 250 | _a1a ed. | ||
| 260 |
_aTORINO _bFRASSINELLI TIPOGR. EDIT. _c1995 [1° Ed.:1995 - Ed.Ling.Originale: 1993] |
||
| 300 | _a103 p. | ||
| 500 | _aTRADUZIONE DAL FRANCESE. PICCOLO TRATTATO SU MEDUSA NOME IN PUNTA LINGUA. ORIGINE DEL LINGUAGGIO. MISTERO DELLA POESIA. LA PARABOLA. DIAVOLO. RICAMATRICE NORMANNA. AIUTO DEL DIAVOLO. PER LE NOZZE COL TESSITORE. CONDIZIONE: RICORDO PER UN ANNO DEL SUO NOME | ||
| 501 | _aSocietà San Paolo EM - Piazza San Paolo, 14 - 12051 ALBA (CN) (non commercial uses only) ® Copyright 2017 | ||
| 520 | _aTRADUZIONE DAL FRANCESE. PICCOLO TRATTATO SU MEDUSA NOME IN PUNTA LINGUA. ORIGINE DEL LINGUAGGIO. MISTERO DELLA POESIA. LA PARABOLA. DIAVOLO. RICAMATRICE NORMANNA. AIUTO DEL DIAVOLO. PER LE NOZZE COL TESSITORE. CONDIZIONE: RICORDO PER UN ANNO DEL SUO NOME | ||
| 650 | _aDIALETTI DELLA LINGUA ITALIANA | ||
| 942 | _cBK | ||
| 957 | _71 | ||
| 999 |
_a55006 _bNO _g Copie: 1 _c307407 _d307407 |
||